[Event "American Cup Blitz 2025"]
[Site "Saint Louis USA"]
[Date "2025.03.24"]
[Round "7.1"]
[White "Nakamura,Hi"]
[Black "Aronian,L"]
[Result "1-0"]
[WhiteElo "2802"]
[BlackElo "2748"]

1.e4 e6 2.d4 d5 3.exd5 exd5 4.Nf3 Bd6 5.c4 c6 6.Nc3 Ne7 7.h3 O-O 8.Bd3 dxc4
9.Bxc4 Na6 10.O-O Nc7 11.Re1 Bf5 12.Bg5 Be6 13.Qb3 Bxc4 14.Qxc4 Kh8 15.Bxe7 Bxe7
16.Ne5 Kg8 17.Qb3 Rb8 18.Rad1 Nd5 19.Nxd5 cxd5 20.Ng4 Qd7 21.Re5 Rfd8 22.Ne3 Bf6
23.Rxd5 Qc6 24.Rc5 Qd6 25.Rd5 Qc6 26.Rxd8+ Rxd8 27.d5 Qc7 28.a4 b6 29.Qb5 g6
30.Nc4 Be7 31.Re1 Qc5 32.Qxc5 Bxc5 33.Rd1 Kf8 34.Kf1 Ke7 35.Ne5 Kf6 36.Nc6 Rd7
37.Ke2 a5 38.f4 h5 39.g3 g5 40.Kf3 gxf4 41.gxf4 Bd6 42.Nd4 Bc5 43.Ne2 h4
44.Nc3 Kf5 45.Ne4 Bb4 46.b3 f6 47.Rd4 Rd8 48.Rd3 Rd7 49.Nf2 Bc5 50.Ng4 Kg6
51.Rd1 Rg7 52.Ne3 f5 53.Rg1+  1-0

[Event "American Cup Blitz 2025"]
[Site "Saint Louis USA"]
[Date "2025.03.24"]
[Round "8.1"]
[White "Sevian,Samuel"]
[Black "Nakamura,Hi"]
[Result "1-0"]
[WhiteElo "2692"]
[BlackElo "2802"]

1.e4 e5 2.Nf3 Nc6 3.Bc4 Nf6 4.d3 Be7 5.O-O O-O 6.Re1 d6 7.a4 Be6 8.Nbd2 a5
9.b3 Nd7 10.Bb2 Bg4 11.h3 Bh5 12.Nf1 Nb6 13.g4 Bg6 14.Ng3 Nxc4 15.bxc4 Kh8
16.Bc3 Nb4 17.Kg2 c6 18.c5 f6 19.cxd6 Bxd6 20.h4 Bf7 21.h5 Be6 22.Nh4 Kg8
23.Ngf5 Qd7 24.Re3 Rfd8 25.Rg3 h6 26.Qd2 Bf7 27.Nxg7 Bf8 28.Ngf5 Kh7 29.Rh1 Be6
30.Ng6 Qf7 31.Rf3 Bxf5 32.Rxf5 Qe6 33.f4 exf4 34.Nxf4 Qa2 35.Rc1 Rd7 36.Bxf6 Re8
37.Qf2 Qa3 38.Ra1  1-0

[Event "American Cup Blitz 2025"]
[Site "Saint Louis USA"]
[Date "2025.03.24"]
[Round "9.1"]
[White "Antipov,M2"]
[Black "Nakamura,Hi"]
[Result "0-1"]
[WhiteElo "2571"]
[BlackElo "2802"]

1.e4 e5 2.Nf3 Nc6 3.Bc4 Nf6 4.d3 Be7 5.a4 O-O 6.Nc3 d6 7.a5 Be6 8.a6 b6 9.Nd5 Qc8
10.c3 Bd8 11.O-O Rb8 12.Re1 h6 13.d4 Bg4 14.Bb5 Nxd5 15.exd5 Ne7 16.dxe5 dxe5
17.h3 Bxf3 18.Qxf3 Ng6 19.Qh5 Kh7 20.Bd3 f5 21.f3 Qd7 22.g4 e4 23.fxe4 Ne5
24.Be2 Qd6 25.gxf5 c6 26.Kg2 Bc7 27.Bf4 cxd5 28.Rad1 Qe7 29.Rxd5 Rbd8 30.Red1 Rxd5
31.Rxd5 Nf7 32.Qg6+ Kh8 33.Qe6 Qh4 34.Bxc7 Ng5 35.Qd6 Qxh3+ 36.Kg1 Qe3+ 37.Kf1 Qh3+
38.Ke1 Qh1+ 39.Bf1 Re8 40.Rd4 Nxe4 41.Qg6 Nf6+ 42.Kf2 Ne4+ 43.Ke1 Nf6+ 44.Kf2 Ne4+
45.Rxe4 Qxe4 46.Bd6 Qe3+ 47.Kg2 Qe4+ 48.Kh2 Qh4+ 49.Kg1 Re4 50.Bg2 Qe1+ 51.Bf1 Qh4
52.Bg3 Rg4 53.Kf2 Qxg3+  0-1

[Event "Titled Tue 25th Mar Early"]
[Site "chess.com INT"]
[Date "2025.03.25"]
[Round "1"]
[White "Nakamura,Hi"]
[Black "Ollier,P"]
[Result "1-0"]
[WhiteElo "2802"]
[BlackElo "2280"]

1.b3 e5 2.Bb2 Nc6 3.e3 d5 4.Bb5 Bd6 5.Nf3 f6 6.d4 a6 7.Bxc6+ bxc6 8.dxe5 fxe5
9.Nxe5 Nf6 10.Nxc6 Qd7 11.Bxf6 gxf6 12.Qh5+ Kf8 13.Nd4 Rg8 14.Nd2 c5 15.Ne2 Rg5
16.Qh6+ Kg8 17.Qxf6 Rg6 18.Qc3 d4 19.exd4 cxd4 20.Qc4+ Kf8 21.Qxd4 Qe6 22.O-O-O Qxe2
23.Qh8+ Kf7 24.Rhe1 Be5 25.Qxh7+ Rg7 26.Qxg7+  1-0

[Event "Titled Tue 25th Mar Early"]
[Site "chess.com INT"]
[Date "2025.03.25"]
[Round "2"]
[White "Haussernot,C"]
[Black "Nakamura,Hi"]
[Result "0-1"]
[WhiteElo "2108"]
[BlackElo "2802"]

1.e4 g6 2.d4 c6 3.Nc3 d5 4.e5 b6 5.f4 h5 6.Nf3 Bg4 7.Bd3 e6 8.h3 Bxf3 9.Qxf3 c5
10.Be3 Nc6 11.Ne2 Rc8 12.c3 c4 13.Bc2 h4 14.b3 Nge7 15.b4 Nf5 16.Bf2 b5 17.a4 a6
18.O-O Be7 19.axb5 axb5 20.Ra6 Qd7 21.Rfa1 Kf8 22.Ra8 Kg7 23.Rxc8 Rxc8 24.Bxf5 exf5
25.Qe3 Nd8 26.Ra5 Ne6 27.Qd2 Bd8 28.Ra6 Nc7 29.Rd6 Qe8 30.Qe1 Qh8 31.Rd7 Ra8
32.Nc1 Ra1 33.e6 Qe8 34.Rxf7+ Kg8 35.Rd7 Nxe6 36.Rxd8 Qxd8 37.Qxe6+ Kg7 38.Qe5+ Kf7
39.Qe3 Ra6 40.Kh2 Re6 41.Qf3 Re4 42.g3 hxg3+ 43.Qxg3 Qa8 44.Qh4 Kg7 45.Kg2 Qb8
46.Kf3 Qe8 47.Qg5 Kf7 48.Bh4 Re3+ 49.Kf2 Rxh3 50.Qh6 Kg8 51.Kg2 Rxc3 52.Bf6 Qe4+
53.Kf2 Qf3+ 54.Ke1 Rxc1+ 55.Kd2 Rd1+ 56.Kc2 Qd3+  0-1

[Event "Titled Tue 25th Mar Early"]
[Site "chess.com INT"]
[Date "2025.03.25"]
[Round "4"]
[White "Nakamura,Hi"]
[Black "Dang,H"]
[Result "1-0"]
[WhiteElo "2802"]
[BlackElo "2408"]

1.b3 Nf6 2.Bb2 d5 3.Nf3 e6 4.c4 Be7 5.e3 O-O 6.Nc3 b6 7.cxd5 exd5 8.d4 Bb7
9.Bd3 a6 10.O-O Nbd7 11.Ne5 Bd6 12.f4 Qe7 13.a3 Rac8 14.Bf5 Rcd8 15.b4 b5
16.Ne2 Nb6 17.Nc1 Nc4 18.Qe2 g6 19.Bb1 Nd7 20.Rf3 Rfe8 21.Rg3 Nf8 22.Bc3 Kg7
23.Ncd3 Bc8 24.Nc6 Qf6 25.Nxd8 Rxd8 26.Ne5 Bf5 27.Ba2 Be4 28.a4 Qe6 29.axb5 axb5
30.Nxc4 bxc4 31.Bxc4 Nd7 32.Bb3 Nf6 33.h3 Rb8 34.b5 c6 35.Ba4 cxb5 36.Bxb5 Bf5
37.Rf3 Ne4 38.Be1 h5 39.Rf1 Nf6 40.Bh4 Ne4 41.Rfc1 Bb4 42.Ra6 Nd6 43.Bd3 Bxd3
44.Qxd3 Qe4 45.Qxe4 Nxe4 46.Rb1 Be7 47.Rxb8 Bxh4 48.Ra2 Be1 49.Rc2 Bd2 50.Rxd2 Nxd2
51.Rb5 Ne4 52.Rxd5  1-0

[Event "Titled Tue 25th Mar Early"]
[Site "chess.com INT"]
[Date "2025.03.25"]
[Round "5"]
[White "Askarov,Ba"]
[Black "Nakamura,Hi"]
[Result "0-1"]
[WhiteElo "2314"]
[BlackElo "2802"]

1.d4 g6 2.c4 Bg7 3.Nc3 d6 4.e4 Nd7 5.Nf3 e5 6.dxe5 dxe5 7.Be2 Ngf6 8.O-O O-O
9.b3 c6 10.Ba3 Re8 11.Qc2 Bf8 12.Bxf8 Kxf8 13.Rfd1 Qe7 14.Na4 b6 15.Rac1 Nc5
16.Nxc5 Qxc5 17.Nd2 Kg7 18.Qb2 Rd8 19.b4 Qe7 20.c5 bxc5 21.Rxc5 Rb8 22.Qc3 Rd4
23.a3 Rxd2 24.Rxd2 Nxe4 25.Qc2 Nxc5 26.bxc5 Bf5 27.Qc1 Rb1  0-1

[Event "Titled Tue 25th Mar Early"]
[Site "chess.com INT"]
[Date "2025.03.25"]
[Round "6"]
[White "Nakamura,Hi"]
[Black "Plat,V"]
[Result "1-0"]
[WhiteElo "2802"]
[BlackElo "2465"]

1.b3 d6 2.Bb2 e5 3.d4 exd4 4.Qxd4 Nf6 5.c4 Nc6 6.Qd2 Be7 7.Nc3 O-O 8.g3 Be6
9.Bg2 Qd7 10.Nd5 Bxd5 11.cxd5 Ne5 12.Nh3 Rfe8 13.O-O Bf8 14.Rac1 g6 15.Rc2 Bg7
16.Rfc1 Rac8 17.Nf4 g5 18.Nd3 Nxd3 19.Qxd3 h6 20.Bd4 a6 21.Rc4 Nh5 22.Bf3 Bxd4
23.Qxd4 Ng7 24.Qf6 Re5 25.Bg4 Nf5 26.e4  1-0

[Event "Titled Tue 25th Mar Early"]
[Site "chess.com INT"]
[Date "2025.03.25"]
[Round "7"]
[White "Ter Sahakyan,S"]
[Black "Nakamura,Hi"]
[Result "0-1"]
[WhiteElo "2611"]
[BlackElo "2802"]

1.e4 g6 2.d4 Bg7 3.Nf3 c5 4.d5 d6 5.Bb5+ Nd7 6.a4 Rb8 7.Nc3 a6 8.Bd3 Ngf6
9.h3 O-O 10.O-O Ne8 11.Re1 Nc7 12.Bf4 b5 13.axb5 axb5 14.Qc1 c4 15.Bf1 Re8
16.Bh6 Bh8 17.Qf4 b4 18.Nd1 Ba6 19.Ng5 f6 20.Ne6 Nxe6 21.dxe6 Nc5 22.Ne3 Qc8
23.Rxa6 Nxa6 24.Bxc4 Nc5 25.b3 Bg7 26.Nf5 Bxh6 27.Nxh6+ Kg7 28.Ng4 Rf8 29.Qh6+ Kh8
30.h4 Rg8 31.e5 dxe5 32.Rxe5 fxe5 33.Nxe5 Rg7 34.h5 gxh5 35.Nf7+ Kg8 36.Qxh5 Qf8
37.Nh6+ Kh8 38.Nf7+ Rxf7 39.exf7 Nd7 40.Qg5 Nf6 41.Qe5 Rd8 42.Qe2 h5 43.Qe3 Qg7
44.f3 e5 45.Qxe5 Rf8 46.Be6 Nh7 47.Qf5 Qd4+ 48.Kh1 Qh4+ 49.Kg1 Kg7 50.Bc4 Qe1+
51.Kh2 Qh4+ 52.Kg1 Qg5 53.Qe6 Nf6 54.Qe7 h4 55.Qe1 h3 56.g4 Nxg4 57.Qg3 Qe3+  0-1

[Event "Titled Tue 25th Mar Early"]
[Site "chess.com INT"]
[Date "2025.03.25"]
[Round "8"]
[White "Nakamura,Hi"]
[Black "Yoo,Christopher Woojin"]
[Result "1-0"]
[WhiteElo "2802"]
[BlackElo "2588"]

1.b3 e5 2.Bb2 Nc6 3.c4 Nf6 4.e3 d5 5.cxd5 Nxd5 6.a3 a6 7.Qc2 Bd6 8.Nf3 O-O
9.d3 Re8 10.Nbd2 Bf8 11.g3 f6 12.Bg2 Be6 13.O-O Qd7 14.Rfd1 Rad8 15.Rac1 Qf7
16.Qb1 Qh5 17.b4 Bh3 18.Rc4 Bxg2 19.Kxg2 Qf7 20.Rdc1 Nb6 21.R4c2 Qd5 22.Rc3 Na4
23.Rb3 Rd7 24.Ba1 Red8 25.Qc2 Nb6 26.Ne4 Na4 27.g4 Qe6 28.h3 Qd5 29.Qb1 Na7
30.Qc2 Nb5 31.Qc4 Qxc4 32.dxc4 Nd6 33.Ned2 Nf7 34.Ne4 Nd6 35.Ng3 Nf7 36.Ne4 Rd3
37.Nc3 Nxc3 38.Rbxc3 c5 39.Ne1 Rd2 40.Nf3 R2d3 41.Kf1 cxb4 42.axb4 Bxb4 43.R3c2 a5
44.Ke2 Ra3 45.c5 Rc8 46.g5 Nd8 47.gxf6 gxf6 48.Nh4 Kf8 49.Nf5 Ne6 50.c6 Rxc6
51.Rxc6 bxc6 52.Rxc6 Ra2+ 53.Kf3 Ng5+ 54.Kg4 Rxa1 55.Rxf6+ Nf7 56.Ra6 Nd8
57.Ra7 Ke8 58.Ng7+ Kf8 59.Nh5 Rg1+ 60.Kf5 Nc6 61.Rxh7 a4 62.Nf6 Ne7+ 63.Ke6 a3
64.Rf7+  1-0

[Event "Titled Tue 25th Mar Early"]
[Site "chess.com INT"]
[Date "2025.03.25"]
[Round "9"]
[White "Vachier Lagrave,M"]
[Black "Nakamura,Hi"]
[Result "0-1"]
[WhiteElo "2725"]
[BlackElo "2802"]

1.e4 e5 2.Nf3 Nc6 3.Bb5 Nge7 4.c3 a6 5.Ba4 g6 6.d4 exd4 7.cxd4 b5 8.Bb3 Bg7
9.O-O d6 10.h3 O-O 11.Nc3 Na5 12.Bc2 c5 13.dxc5 dxc5 14.Bg5 Qc7 15.Qc1 Bb7
16.Bh6 Rfe8 17.Bxg7 Kxg7 18.Re1 Rad8 19.Ne2 Nec6 20.Ng3 h6 21.b3 Nd4 22.Nxd4 cxd4
23.Bd3 Qxc1 24.Raxc1 Nc6 25.Red1 Nb4 26.Bb1 Rc8 27.Rxc8 Rxc8 28.a3 Nc6 29.Ne2 g5
30.f3 Rd8 31.Kf2 Bc8 32.e5 Be6 33.b4 Bc4 34.Ng3 d3 35.Nf5+ Kf8 36.Nxh6 Nxe5
37.Nf5 Be6 38.Ne3 f5 39.Nf1 Bb3 40.Rd2 Ke7 41.h4 gxh4 42.f4 Ng4+ 43.Kg1 Bc4
44.Rd1 Rd4 45.Nd2 Rxf4 46.Nf3 Ne3 47.Re1 Re4 48.Nd2 Re6 49.Nf3 Ng4 50.Rd1 Ne3
51.Rd2 Rd6 52.Nxh4 Kf6 53.Nf3 Ng4 54.g3 Ne5 55.Kf2 Nxf3 56.Kxf3 Ke5 57.Ke3 Rg6
58.Rg2 Rxg3+ 59.Rxg3 f4+ 60.Kf3 fxg3 61.Kxg3 Kd4  0-1

[Event "Titled Tue 25th Mar Early"]
[Site "chess.com INT"]
[Date "2025.03.25"]
[Round "10"]
[White "Nakamura,Hi"]
[Black "Sindarov,Javokhir"]
[Result "1/2-1/2"]
[WhiteElo "2802"]
[BlackElo "2707"]

1.b3 Nf6 2.Bb2 g6 3.Nf3 Bg7 4.d4 c5 5.dxc5 Na6 6.g3 Nxc5 7.Bg2 d5 8.c4 dxc4
9.Qxd8+ Kxd8 10.Ne5 Be6 11.bxc4 Kc8 12.Nf3 Rd8 13.Nbd2 Bh6 14.h4 Ng4 15.Ba3 Na4
16.Bxe7 Rd7 17.Bb4 Bg7 18.Rc1 a5 19.Ba3 Nc3 20.Rc2 Bf5 21.Rb2 Nxe2 22.Rb5 Nc3
23.Rc5+ Kd8 24.O-O Bd3 25.Re1 Ne2+ 26.Kh1 Nxf2+ 27.Kh2 Ng4+ 28.Kh3 Nf2+ 29.Kh2 Ng4+
30.Kh3 Nf2+ 31.Kh2  1/2-1/2

[Event "Titled Tue 25th Mar Early"]
[Site "chess.com INT"]
[Date "2025.03.25"]
[Round "11"]
[White "Carlsen,M"]
[Black "Nakamura,Hi"]
[Result "0-1"]
[WhiteElo "2833"]
[BlackElo "2802"]

1.f3 f6 2.e4 e5 3.f4 d5 4.exd5 Qxd5 5.Nc3 Qe6 6.fxe5 fxe5 7.Nf3 Nf6 8.Bb5+ c6
9.Ba4 e4 10.Bb3 Qf5 11.Qe2 Be7 12.Nh4 Qg4 13.Qxg4 Nxg4 14.g3 e3 15.d3 Rf8
16.h3 Nf2 17.Rh2 Bd6 18.Ne2 Bxh3 19.Bxe3 Ng4 20.Rxh3 Nxe3 21.Kd2 Nf1+ 22.Ke1 Ne3
23.Rh1 Nd7 24.Kd2 Ng4 25.Nd4 Rf2+ 26.Kc1 O-O-O 27.Nhf5 Be5 28.Ne7+ Kb8 29.Ne6 Re8
30.d4 Bxg3 31.Rxh7 Rf1+ 32.Kd2 Rxa1 33.Rxg7 Be1+ 34.Ke2 Ngf6 35.Nf5 Bb4 36.c3 Nf8
37.Rf7 Nxe6  0-1

[Event "Titled Tue 1st Apr Late"]
[Site "chess.com INT"]
[Date "2025.04.01"]
[Round "1"]
[White "Tang,Dylan"]
[Black "Nakamura,Hi"]
[Result "0-1"]
[WhiteElo "2223"]
[BlackElo "2804"]

1.e4 g6 2.d4 c6 3.Nc3 d5 4.e5 b6 5.f4 Ba6 6.Bd3 e6 7.Nf3 Bxd3 8.Qxd3 c5 9.Be3 Nc6
10.O-O-O c4 11.Qe2 b5 12.g4 b4 13.Nb1 Nh6 14.Ng5 Qa5 15.f5 Nd8 16.fxe6 fxe6
17.Rhf1 Qxa2 18.Rf6 Kd7 19.Rdf1 Be7 20.R6f2 Rc8 21.c3 a5 22.Nf3 Nxg4 23.Rg2 Nxe3
24.Qxe3 Rf8 25.Rgf2 Rf5 26.h4 b3 27.Ng5 a4 28.Nxh7 a3 29.Nf6+ Kc6 30.Qd2 Qa1
31.bxa3 Bxa3+  0-1

[Event "Titled Tue 1st Apr Early"]
[Site "chess.com INT"]
[Date "2025.04.01"]
[Round "1"]
[White "Lee,Kyungseok"]
[Black "Nakamura,Hi"]
[Result "0-1"]
[WhiteElo "2072"]
[BlackElo "2802"]

1.d4 g6 2.c4 Bg7 3.Nc3 d6 4.e4 Nd7 5.Be3 e5 6.Nf3 Ngf6 7.h3 O-O 8.d5 Nc5
9.Nd2 a5 10.g4 Nfd7 11.h4 a4 12.h5 Bf6 13.hxg6 fxg6 14.Be2 Bg5 15.Nf1 Bxe3
16.Nxe3 Qg5 17.Qc2 Nf6 18.Nb5 Nfxe4 19.Nd1 Rf7 20.f3 Ng3 21.Rh2 Qf4 22.Rg2 e4
23.Qd2 Nxe2 24.Rxe2 Nd3+ 25.Kf1 Qxf3+ 26.Kg1 Qf1+ 27.Kh2 Bxg4 28.Rg2 Ne5
29.Qe3 Rf3 30.Qxe4 Rh3+  0-1

[Event "Titled Tue 1st Apr Late"]
[Site "chess.com INT"]
[Date "2025.04.01"]
[Round "2"]
[White "Nakamura,Hi"]
[Black "Habans Aguerrea,Javier"]
[Result "1-0"]
[WhiteElo "2804"]
[BlackElo "2441"]

1.b3 d5 2.Bb2 Nf6 3.d3 Bf5 4.Nd2 e6 5.g3 Be7 6.Bg2 h6 7.e4 Bh7 8.Nh3 c6 9.O-O a5
10.a3 O-O 11.Qe2 b5 12.f4 Na6 13.Kh1 Qb6 14.g4 dxe4 15.dxe4 Rad8 16.g5 hxg5
17.Nxg5 Bg6 18.Bf3 Bc5 19.Rae1 Bd4 20.c3 Be3 21.Qxe3 Qxe3 22.Rxe3 Rxd2 23.Bc1 Rc2
24.b4 axb4 25.cxb4 c5 26.Bg2 cxb4 27.axb4 Nxb4 28.Ba3 Rxg2 29.Bxb4 Rc2 30.Bxf8 Kxf8
31.f5 exf5 32.exf5 Bh5 33.h3 Rc5 34.Ra1 g6 35.Ra8+ Kg7 36.Ra7 Rc1+ 37.Kh2 gxf5
38.Ne6+ Kh6 39.Nd4 Bg6 40.Re5 Kg5 41.Rxb5 Ne4 42.Ra2 Rd1 43.Rg2+ Kf6 44.Rb6+ Ke5
45.Ne2 Rd2 46.Rb5+ Kf6 47.Nf4 Rd6 48.h4 Nc3 49.Rc5 Ne4 50.Ra5 Bh7 51.Nh5+ Ke7
52.Ra7+ Kf8 53.Rb2 Rd8 54.Nf4 Bg6 55.h5 Bh7 56.Rbb7 Ng5 57.Kg3 Bg8 58.Ra5 Ne4+
59.Kh4 Rd4 60.Ne6+  1-0

[Event "Titled Tue 1st Apr Early"]
[Site "chess.com INT"]
[Date "2025.04.01"]
[Round "2"]
[White "Nakamura,Hi"]
[Black "Budhidharma,Nayaka"]
[Result "1/2-1/2"]
[WhiteElo "2802"]
[BlackElo "2390"]

1.b3 c5 2.Bb2 d6 3.d4 cxd4 4.Qxd4 Nc6 5.Qd2 d5 6.Nf3 Nf6 7.e3 Ne4 8.Qc1 Bg4
9.Be2 e6 10.O-O Bd6 11.c4 O-O 12.cxd5 exd5 13.a3 Rc8 14.Qd1 Bxf3 15.Bxf3 Be5
16.Ra2 Bxb2 17.Rxb2 Ne5 18.Be2 a6 19.Rc2 Rxc2 20.Qxc2 Qc8 21.Qb2 Qe6 22.Nd2 Rc8
23.Nxe4 dxe4 24.Qd4 Nc6 25.Qb6 Qe7 26.Rd1 g6 27.b4 Ne5 28.Qd4 Rc2 29.Kf1 Nc6
30.Qd5 Qe5 31.g3 Qb2 32.Re1 Qxa3 33.Bc4 Rxc4 34.Qxc4 Qxb4 35.Qd5 Kg7 36.Rc1 f5
37.Kg2 a5 38.Qd7+ Kh6 39.h4 Qb2 40.Rh1 Qe2 41.h5 Qf3+ 42.Kg1 g5 43.Qd6+ Kg7
44.h6+ Kf7 45.Qd5+ Kf6 46.Qd6+ Kf7 47.Qc7+ Kf6 48.Qg7+ Ke6 49.Qxg5 Ne5 50.Qg8+ Kf6
51.Qd8+ Ke6 52.Qe8+ Kf6 53.Qf8+ Ke6 54.Qg8+ Kf6 55.Qd8+ Ke6 56.Rh4 Qe2 57.Rf4 Nf3+
58.Kg2 Ne1+ 59.Kh2 Qh5+ 60.Kg1 Nf3+ 61.Rxf3 Qxf3 62.Qg8+ Kd6 63.Qf8+ Ke6
64.Qe8+ Kf6 65.Qh8+ Ke6 66.Qa1 b6 67.Qb1 b5 68.Qa1 b4 69.Qa2+ Kf6 70.Qb2+ Ke6
71.Qd4 Kf7 72.Qd7+ Kf6 73.Qd4+ Kf7 74.Qd8 Ke6 75.Qb6+ Ke7 76.Qb7+ Ke6 77.Qa6+ Ke7
78.Qa7+ Ke6 79.Qb6+ Ke7 80.Qc7+ Ke6 81.Qc5 Qd1+ 82.Kh2 Qh5+ 83.Kg2 Qf3+ 84.Kg1 Qd1+
85.Kh2 b3 86.Qc6+ Ke7 87.Qc7+ Ke6 88.Qxh7 Qh5+ 89.Kg2 Qf3+ 90.Kg1 Qd1+ 91.Kg2 Qf3+
92.Kg1 Qd1+ 93.Kg2 Qf3+  1/2-1/2

[Event "Titled Tue 1st Apr Early"]
[Site "chess.com INT"]
[Date "2025.04.01"]
[Round "3"]
[White "Spata,G"]
[Black "Nakamura,Hi"]
[Result "0-1"]
[WhiteElo "2398"]
[BlackElo "2802"]

1.Nf3 g6 2.g3 Bg7 3.Bg2 d6 4.O-O Bd7 5.e4 Qc8 6.Re1 Bh3 7.Bh1 c5 8.c3 Nc6
9.d3 Nf6 10.Na3 O-O 11.Nc4 h6 12.e5 dxe5 13.Nfxe5 Nxe5 14.Nxe5 Be6 15.Qe2 Bd5
16.Nf3 Rd8 17.Bf4 e6 18.Be5 b6 19.c4 Bc6 20.Rad1 Qb7 21.Bg2 Ne8 22.Bxg7 Nxg7
23.g4 e5 24.Nh4 Bxg2 25.Nxg2 Rd4 26.f3 Ne6 27.Qxe5 Ng5 28.Nh4 Nxf3+ 29.Nxf3 Qxf3  0-1

[Event "Titled Tue 1st Apr Late"]
[Site "chess.com INT"]
[Date "2025.04.01"]
[Round "3"]
[White "Gokerkan,Cem Kaan"]
[Black "Nakamura,Hi"]
[Result "0-1"]
[WhiteElo "2489"]
[BlackElo "2804"]

1.e4 e5 2.Nf3 Nc6 3.Bc4 Nf6 4.Ng5 d5 5.exd5 Na5 6.Bb5+ c6 7.dxc6 bxc6 8.Bd3 Nd5
9.Nf3 Bd6 10.O-O O-O 11.Re1 Bg4 12.h3 Bxf3 13.Qxf3 g6 14.Bf1 f5 15.d3 Bc5
16.Bd2 e4 17.Qd1 Qb6 18.Re2 Qxb2 19.Bxa5 Qxa1 20.c4 Rab8 21.Re1 Qxa2 22.Bd2 Rxb1
23.Qxb1 Qxd2 24.Re2 Nc3  0-1

[Event "Titled Tue 1st Apr Late"]
[Site "chess.com INT"]
[Date "2025.04.01"]
[Round "4"]
[White "Nakamura,Hi"]
[Black "Ashraf,Artin"]
[Result "1-0"]
[WhiteElo "2804"]
[BlackElo "2407"]

1.b3 b6 2.Nf3 Bb7 3.e3 Nf6 4.Bb2 g6 5.Bxf6 exf6 6.g3 Bg7 7.Bg2 f5 8.d4 O-O
9.O-O d5 10.Qd2 Nd7 11.Nc3 Re8 12.Rfd1 Qe7 13.Ne2 Nf6 14.c4 dxc4 15.bxc4 c5
16.Rac1 cxd4 17.Nfxd4 Bxg2 18.Kxg2 Qb7+ 19.Kg1 Ne4 20.Qe1 Rac8 21.Rc2 Rc5
22.Qf1 Rec8 23.Rdc1 Ng5 24.Qg2 Qxg2+ 25.Kxg2 Ne4 26.Nb3 R5c7 27.Nf4 Kf8 28.Nd5 Rc6
29.Nb4 R6c7 30.Na6 Rc6 31.f3 Nc3 32.Nd2 Na4 33.Nb4 R6c7 34.e4 fxe4 35.Nxe4 Nc5
36.Nd6 Rd8 37.Nb5 Rcd7 38.Nc6 Ra8 39.Nb4 a6 40.Nc3 Rad8 41.Ncd5 Rd6 42.Re2 a5
43.Nc2 b5 44.Nde3 b4 45.Nd5 Ne6 46.Nce3 Rc8 47.Rb1 Rdc6 48.f4 Bd4 49.Rd1 Bxe3
50.Nxe3 Nc5 51.Rd5 Ne4 52.Rxa5 Nc3 53.Rb2 Re6 54.Ng4 Rxc4 55.Ne5 Rd4 56.Ra7 f6
57.Nd7+ Kg8 58.Nc5 Re2+ 59.Rxe2 Nxe2 60.Ne6 Rd2 61.Kf3 Nd4+ 62.Ke3  1-0

[Event "Titled Tue 1st Apr Early"]
[Site "chess.com INT"]
[Date "2025.04.01"]
[Round "4"]
[White "Nakamura,Hi"]
[Black "Potapova,Margarita"]
[Result "1-0"]
[WhiteElo "2802"]
[BlackElo "2226"]

1.b3 b6 2.Bb2 Bb7 3.Nf3 Nf6 4.e3 e6 5.g3 Be7 6.Bg2 O-O 7.O-O d5 8.Qe2 c5
9.c4 Nc6 10.Rd1 d4 11.Ne5 Rc8 12.Nxc6 Bxc6 13.Bxc6 Rxc6 14.exd4 cxd4 15.d3 Re8
16.f4 Bf8 17.Nd2 Rc7 18.Nf3 Rd7 19.a3 a5 20.Re1 Bc5 21.Bc1 Ng4 22.Ne5 Nxe5
23.fxe5 Qb8 24.Bd2 Bf8 25.b4 a4 26.Rf1 g6 27.Bg5 Bg7 28.Rae1 Qb7 29.h4 b5
30.c5 Qd5 31.h5 gxh5 32.Rf4 Qb3 33.Rd1 Rd5 34.Qxh5 Rd7 35.Bf6 Bxf6 36.exf6 Rd5
37.Qg4+  1-0

[Event "Titled Tue 1st Apr Late"]
[Site "chess.com INT"]
[Date "2025.04.01"]
[Round "5"]
[White "Nakamura,Hi"]
[Black "Bjerre,Jonas Buhl"]
[Result "1-0"]
[WhiteElo "2804"]
[BlackElo "2636"]

1.b3 c5 2.Bb2 Nf6 3.Nf3 g6 4.g3 Bg7 5.Bg2 O-O 6.O-O Nc6 7.d4 Ne4 8.e3 d5
9.Ne5 cxd4 10.Nxc6 bxc6 11.Bxd4 e5 12.Bb2 Ba6 13.c4 f5 14.Qc2 d4 15.exd4 exd4
16.Nd2 d3 17.Qc1 Bh6 18.Bxe4 fxe4 19.Qc3 Kf7 20.Nxe4 Re8 21.Nc5 Bc8 22.Nxd3 Bh3
23.Rfe1 Qd6 24.Ne5+ Kg8 25.Rad1 Qe6 26.Nf3  1-0

[Event "Titled Tue 1st Apr Early"]
[Site "chess.com INT"]
[Date "2025.04.01"]
[Round "5"]
[White "Maximov,D"]
[Black "Nakamura,Hi"]
[Result "0-1"]
[WhiteElo "2476"]
[BlackElo "2802"]

1.e4 g6 2.d4 c6 3.Nc3 d5 4.h3 Bg7 5.Nf3 dxe4 6.Nxe4 Nf6 7.Nc5 O-O 8.Be2 b6
9.Nd3 Nbd7 10.O-O Bb7 11.Re1 c5 12.dxc5 bxc5 13.Bf1 e6 14.c4 Qb6 15.Rb1 a5
16.b3 Ne4 17.Bb2 Nc3 18.Bxc3 Bxc3 19.Re3 Rad8 20.Qc2 Bg7 21.Nfe5 Nb8 22.Rbe1 f6
23.Nxg6 hxg6 24.Rxe6 Rd6 25.Nf4 f5 26.h4 Be4 27.R1xe4 fxe4 28.Nd5 Rxe6 29.Nxb6 Rxb6
30.Qxe4 Bd4 31.Bd3 Rbf6 32.h5 Nc6 33.hxg6 Kg7 34.Qd5 Bxf2+ 35.Kf1 Bg3+ 36.Ke2 Rd6
37.Qxc5 Re8+ 38.Kd2 Red8 39.Kc1 Nb4 40.Qa7+ R8d7 41.Qe3 Bf4  0-1

[Event "Titled Tue 1st Apr Early"]
[Site "chess.com INT"]
[Date "2025.04.01"]
[Round "6"]
[White "Nakamura,Hi"]
[Black "Materia,Marco"]
[Result "1-0"]
[WhiteElo "2802"]
[BlackElo "2486"]

1.b3 Nf6 2.Bb2 d6 3.d4 Nbd7 4.Nf3 g6 5.e3 Bg7 6.Be2 O-O 7.O-O e5 8.dxe5 Ng4
9.c4 Ngxe5 10.Nc3 Nxf3+ 11.Bxf3 Ne5 12.Be2 a5 13.Qd2 f5 14.Rfd1 Be6 15.Nb5 Qe7
16.Rac1 a4 17.b4 Bf7 18.a3 Rfd8 19.h3 d5 20.c5 Nc4 21.Bxc4 dxc4 22.Qe2 Rxd1+
23.Rxd1 Rd8 24.Bxg7 Kxg7 25.Qb2+ Kg8 26.Rxd8+ Qxd8 27.Qd4 Qe7 28.Nc3 Qe8
29.h4 h6 30.Kf1 Kh7 31.Ke1 Be6 32.Kd2 g5 33.g3 Qc6 34.hxg5 hxg5 35.Qf6 Qd7+
36.Qd4 Qc6 37.e4 Kg6 38.Ke3 Qe8 39.Qe5 Qd7 40.Nd5 fxe4 41.Qxe4+ Bf5 42.Qd4 Qe6+
43.Kd2 Bd3 44.Ne3 b6 45.cxb6 cxb6 46.b5 Kf7 47.Qd5 Ke7 48.Qxe6+ Kxe6 49.Kc3 Be2
50.Nxc4 Bxc4 51.Kxc4 g4 52.Kd4 Kd6 53.Ke4 Kc5 54.f4 gxf3 55.Kxf3 Kxb5 56.g4 Kc6
57.Ke4 Kd6 58.Kd4 Ke6 59.Kc4 Kf6 60.Kb4 Kg5 61.Kxa4 Kxg4 62.Kb5 Kf5 63.Kxb6 Ke6
64.a4 Kd7 65.Kb7  1-0

[Event "Titled Tue 1st Apr Late"]
[Site "chess.com INT"]
[Date "2025.04.01"]
[Round "6"]
[White "Martinez Alcantara,Jose Eduardo"]
[Black "Nakamura,Hi"]
[Result "0-1"]
[WhiteElo "2606"]
[BlackElo "2804"]

1.e4 e5 2.Nf3 Nc6 3.Nc3 Nf6 4.d4 exd4 5.Nxd4 Bb4 6.Nxc6 bxc6 7.Bd3 O-O 8.O-O d5
9.exd5 Bg4 10.Be2 Bxe2 11.Nxe2 cxd5 12.Nd4 Qd7 13.Qf3 Rfe8 14.c3 Bd6 15.Bf4 Bxf4
16.Qxf4 c5 17.Nf5 g6 18.Ne3 Qc6 19.Qf3 Rab8 20.c4 Rxb2 21.cxd5 Qa6 22.Rfe1 Rb4
23.h3 Rbe4 24.Red1 Nd7 25.Qg3 Rd4 26.Qc7 Qa4 27.Rxd4 cxd4 28.Ng4 Kg7 29.Qc6 Qxc6
30.dxc6 Nb8 31.Rc1 Rc8 32.c7 Na6 33.Rc4 d3 34.Rd4 Nc5 35.Ne5 Rxc7 36.Nxd3 Ne6
37.Ra4 h5 38.h4 Rd7 39.Ne5 Rd5 40.Nf3 a5 41.g3 Rc5 42.Kg2 Nc7 43.Rd4 Nd5
44.Rd2 Nf6 45.Ng5 Rc7 46.Rb2 Ng4 47.Re2 a4 48.Nf3 a3 49.Ne1 Rc3 50.Rd2 Ne5
51.Rc2 Rxc2 52.Nxc2 Nd3 53.Nxa3 Nb4 54.Nc4 Nxa2 55.Ne3 Nc3 56.Kf3 Kf6 57.Ng2 Ke5
58.Nf4 Nb5 59.Ke3 Nd6 60.Nd3+ Kf5 61.Kf3 Nb5 62.Ne1 Nd4+ 63.Ke3 Nc6 64.Kf3 Ne5+
65.Kg2 Ke4 66.Nc2 Nc4 67.Nb4 f5 68.Nc6 f4 69.Ne7 f3+ 70.Kg1 Ne5 71.Kf1 Kd4
72.Kg1 Kd3 73.Kf1 Kd2 74.Nd5 Kd1 75.Ne3+ Kc1 76.Nd5 Kd2 77.Nf4 Kd1 78.Nd5 Kc1
79.Nf4 Kc2 80.Nd5 Kd2 81.Nf4 Kc3 82.Nd5+ Kd4 83.Nf4 Ke4 84.Ke1 Kf5 85.Kf1 Kg4
86.Nd5 Kf5 87.Nf4 g5 88.Nxh5 Kg6 89.g4 Nxg4 90.Ng3 gxh4 91.Ne4 Kf5 92.Nd2 Kf4
93.Kg1 h3 94.Nf1 Ke4 95.Ng3+ Kd3 96.Kf1 h2 97.Nh1 Kd2 98.Ng3 Nf6 99.Nh1 Ne4  0-1

[Event "Titled Tue 1st Apr Early"]
[Site "chess.com INT"]
[Date "2025.04.01"]
[Round "7"]
[White "Sarana,A"]
[Black "Nakamura,Hi"]
[Result "0-1"]
[WhiteElo "2689"]
[BlackElo "2802"]

1.e4 e5 2.Nf3 Nc6 3.Bc4 Nf6 4.Ng5 d5 5.exd5 Na5 6.Bb5+ c6 7.dxc6 bxc6 8.Be2 h6
9.Nf3 e4 10.Ne5 Bd6 11.f4 exf3 12.Nxf3 c5 13.O-O O-O 14.Nc3 Nc6 15.d3 Re8
16.Ne4 Nxe4 17.dxe4 Rxe4 18.Bd3 Re8 19.Kh1 Bb7 20.Bc4 Re7 21.Bg5 hxg5 22.Nxg5 Bf4
23.Qh5 Bxg5 24.Bxf7+ Rxf7 25.Qxf7+ Kh8 26.Qxb7 Qc8 27.Qf7 Bh6 28.Rae1 Nb4
29.Re6 Qg8 30.Qg6 Nd5 31.Re5 Nf4 32.Qe4 Rd8 33.g3 Nd5 34.Rd1 Nf6 35.Rxd8 Qxd8
36.Qe2 Qa8+ 37.Kg1 Qd8 38.c3 Qb6 39.Kg2 Qb7+ 40.Kg1 c4 41.h4 Qd7 42.Kg2 Qb7+
43.Kh2 Qd7 44.Re6 Qd5 45.Re7 a5 46.Rc7 Qd3 47.Qe6 Qf3 48.Rxc4 Qf2+ 49.Kh3 Kh7  0-1

[Event "Titled Tue 1st Apr Late"]
[Site "chess.com INT"]
[Date "2025.04.01"]
[Round "7"]
[White "Nakamura,Hi"]
[Black "Bortnyk,Olexandr"]
[Result "1-0"]
[WhiteElo "2804"]
[BlackElo "2601"]

1.c4 Nf6 2.Nc3 b6 3.e4 d6 4.d4 Bb7 5.f3 e5 6.d5 Be7 7.Be3 a5 8.Qd2 Nfd7 9.g3 Nc5
10.h4 Bc8 11.O-O-O f5 12.exf5 Bxf5 13.Bxc5 bxc5 14.Bh3 O-O 15.Bxf5 Rxf5 16.Qd3 Qd7
17.g4 Rf7 18.Ne4 Na6 19.a3 Rb8 20.Ne2 a4 21.N2c3 Rb3 22.Nd2 Rb8 23.Kb1 Rf4
24.Ne2 Rf7 25.h5 Bg5 26.Ne4 Bf4 27.Qc2 Rff8 28.Rd3 Rb7 29.Ka2 Rfb8 30.Rb1 Qf7
31.Ka1 Rb3 32.N2c3 Qd7 33.h6 Rf8 34.hxg7 Kxg7 35.Ne2 Rbb8 36.Rh1 Kg8 37.g5 Qf5
38.Nxf4 exf4 39.Nf6+ Rxf6 40.gxf6 Qxf6 41.Rd2 h6 42.Rg2+ Kf8 43.Qh7  1-0